000 00665cam a22002413a 4500
001 33666
003 PGUSA
005 20140828083728.0
008 100907s2010||||xxu|||||s|||||000 | eng d
040 _aPGUSA
_beng
042 _adc
050 4 _aPZ
100 1 _aPage, Thomas Nelson,
_d1853-1922
245 1 2 _aA Captured Santa Claus
_h[electronic resource] /
_cThomas Nelson Page
260 _bProject Gutenberg,
_c2010
506 _aPublic domain in the USA.
516 _aElectronic text
653 _aChristmas stories
700 1 _aJacobs, W. L.
830 0 _aProject Gutenberg
_v33666
856 4 0 _uhttp://www.gutenberg.org/ebooks/33666
942 _cEB
999 _c262921
_d262921